00305nam a2200109Ia 4500008004100000020001600041050002300057100002100080245003700101260003400138300002300172150610s9999 xx 000 0 und d a0 09941693X aPS3513b.G447 1998 aGibran, Kahlil  4aThe prophet / cKahlil Gibran. aLondon :bArrow Books,c1998. a113pages :c20 cm.